00651cam a2200205 4500001001100000008003700011020001500048035001500063050002100078245007700099260005200176300002600228500001500254500002700269504003400296650003400330650001400364700003500378700003200413IREN000327 1995 eng  a0873715721 aIREN000327 4aTD791 bW23 1995 0aWaste management and resource recovery /cCharles R. Rhyner ...[et al.]. aBoca Raton, New York :bLewis Publishers,c1995 aXIX, 524 p. ;c24 cm. a1 ejemplar aCONACYT-INIRENA-O.B.D. aincluye apéndice e índice 4aBasura y desechoxeliminacion 4aReciclaje1 aSchwartz, Leander J. ,ecoaut.1 aWenger, Robert B. ,ecoaut.